[Event "ROM-ch U14"]
[Site "Calimanesti Caciulata"]
[Date "2016.04.21"]
[Round "4"]
[White "Anghelus, Alin Gabriel"]
[Black "Codreanu, Alex Cosmin"]
[Result "1/2-1/2"]
[WhiteElo "1858"]
[BlackElo "1744"]
[PlyCount "81"]
[EventDate "2016.04.18"]
[EventType "swiss"]
[EventRounds "9"]
[EventCountry "ROU"]
[SourceTitle "CBM 172 Extra"]
[Source "ChessBase"]
[SourceDate "2016.06.21"]
[SourceVersion "1"]
[SourceVersionDate "2016.06.21"]
[SourceQuality "1"]

1. e4 e6 2. d4 d5 3. Nd2 dxe4 4. Nxe4 Be7 5. Nf3 Nd7 6. Bd3 Ngf6 7. 0-0 0-0 8. c3 b6 9. Qe2 Bb7 10. Ne5 c5 11. Nxd7 Nxd7 12. dxc5 Nxc5 13. Nxc5 Bxc5 14. Be4 Bxe4 15. Qxe4 Qf6 16. Bf4 Rfd8 17. Bg3 Be7 18. Rad1 Bc5 19. Bh4 g5 20. Bg3 Rxd1 21. Rxd1 Rd8 22. Rxd8+ Qxd8 23. h4 Be7 24. hxg5 Bxg5 25. Qe2 Bf6 26. Bf4 Bg7 27. f3 Qh4 28. Qd2 h6 29. a3 Kh7 30. Bb8 Qe7 31. Qd3+ Kg8 32. Bg3 Qg5 33. Kf2 Qc1 34. Qe2 e5 35. a4 Bf6 36. Bxe5 Bxe5 37. Qxe5 Qxb2+ 38. Kg3 Qc1 39. Qd4 Qe1+ 40. Kh2 Qe7 41. Kg3 1/2-1/2

[Event "ROM-ch U14"]
[Site "Calimanesti Caciulata"]
[Date "2016.04.18"]
[Round "1"]
[White "Lungu, Cristian"]
[Black "Anghelus, Alin Gabriel"]
[Result "0-1"]
[WhiteElo "1512"]
[BlackElo "1858"]
[PlyCount "82"]
[EventDate "2016.04.18"]
[EventType "swiss"]
[EventRounds "9"]
[EventCountry "ROU"]
[SourceTitle "CBM 172 Extra"]
[Source "ChessBase"]
[SourceDate "2016.06.21"]
[SourceVersion "1"]
[SourceVersionDate "2016.06.21"]
[SourceQuality "1"]

1. d4 f5 2. Nf3 Nf6 3. c4 e6 4. g3 b6 5. Bg2 Bb7 6. 0-0 d5 7. Nc3 Bd6 8. Ne5 0-0 9. f4 c6 10. a3 Ne4 11. Qc2 a5 12. Bd2 Nd7 13. Nxe4 dxe4 14. b4 c5 15. Nxd7 Qxd7 16. dxc5 bxc5 17. b5 e5 18. e3 Qe6 19. Rad1 exf4 20. exf4 Be7 21. Be3 Bf6 22. Rf2 Rfd8 23. Rfd2 Rxd2 24. Rxd2 Rc8 25. Bf1 Qe7 26. Qd1 Bd4 27. Bxd4 cxd4 28. Rxd4 Qc5 29. Kh1 e3+ 30. Bg2 e2 31. Qxe2 Qxd4 32. Bxb7 Rd8 33. Bd5+ Kh8 34. Qe1 h6 35. a4 Rf8 36. Qb1 Re8 37. Qc2 Qe3 38. Qxf5 Qf2 39. Qb1 Re1+ 40. Qxe1 Qxe1+ 41. Kg2 Qb4 0-1

[Event "ROM-ch U14"]
[Site "Calimanesti"]
[Date "2015.04.05"]
[Round "8"]
[White "Anghelus, Alin Gabriel"]
[Black "Palii, Alex"]
[Result "1/2-1/2"]
[WhiteElo "1713"]
[BlackElo "1640"]
[PlyCount "49"]
[EventDate "2015.03.30"]
[EventType "swiss"]
[EventRounds "9"]
[EventCountry "ROU"]
[SourceTitle "CBM 165 Extra"]
[Source "ChessBase"]
[SourceDate "2015.04.21"]
[SourceVersion "1"]
[SourceVersionDate "2015.04.21"]
[SourceQuality "1"]

1. e4 c5 2. c3 d5 3. exd5 Qxd5 4. d4 Nc6 5. Nf3 e5 6. Nxe5 Nxe5 7. dxe5 Qxe5+ 8. Be3 Bd7 9. Qb3 0-0-0 10. Na3 Bc6 11. Nc4 Qe6 12. Nd2 Qxb3 13. Nxb3 b6 14. Ba6+ Bb7 15. Bxb7+ Kxb7 16. 0-0 Nf6 17. Rad1 Be7 18. h3 Ne4 19. Nd2 Nxd2 20. Rxd2 Rxd2 21. Bxd2 Rd8 22. Bc1 Kc6 23. g3 Bf6 24. Kg2 c4 25. Be3 1/2-1/2

[Event "ROM-ch U14"]
[Site "Calimanesti"]
[Date "2015.04.04"]
[Round "7"]
[White "Filat, Nicolae"]
[Black "Anghelus, Alin Gabriel"]
[Result "0-1"]
[WhiteElo "1587"]
[BlackElo "1713"]
[PlyCount "96"]
[EventDate "2015.03.30"]
[EventType "swiss"]
[EventRounds "9"]
[EventCountry "ROU"]
[SourceTitle "CBM 165 Extra"]
[Source "ChessBase"]
[SourceDate "2015.04.21"]
[SourceVersion "1"]
[SourceVersionDate "2015.04.21"]
[SourceQuality "1"]

1. d4 f5 2. Nf3 Nf6 3. c4 e6 4. Nc3 Bb4 5. Bd2 b6 6. g3 Bb7 7. Bg2 0-0 8. 0-0 Bxc3 9. bxc3 d6 10. Qb3 Ne4 11. Rad1 Qe7 12. h4 h6 13. Ne1 Nc6 14. Nd3 Na5 15. Qa4 Ba6 16. Nb2 Qe8 17. Qc2 Nxc4 18. Nxc4 Bxc4 19. Bxe4 fxe4 20. Qxe4 Bxa2 21. Qg4 Rf6 22. e4 e5 23. d5 Bc4 24. Rfe1 Qc8 25. Qh5 a5 26. Bg5 Rf7 27. Re3 a4 28. g4 a3 29. Rg3 Qf8 30. Rg2 a2 31. Ra1 Ra3 32. Qg6 Rxc3 33. Qe6 hxg5 34. hxg5 Qe7 35. Qg6 Rh3 36. Rh2 Rxh2 37. Kxh2 Rxf2+ 38. Kg3 Qf7 39. Qxf7+ Rxf7 40. g6 Rf1 41. Kh4 Rxa1 42. Kg5 Rf1 43. Kh5 a1Q 44. Kg5 Qc1+ 45. Kh4 Rh1+ 46. Kg3 Qf4+ 47. Kg2 Qf1+ 48. Kg3 Rh3# 0-1

[Event "ROM-ch U14"]
[Site "Calimanesti"]
[Date "2015.04.02"]
[Round "5"]
[White "Miloi, Pavel Dan"]
[Black "Anghelus, Alin Gabriel"]
[Result "1-0"]
[WhiteElo "1547"]
[BlackElo "1713"]
[PlyCount "111"]
[EventDate "2015.03.30"]
[EventType "swiss"]
[EventRounds "9"]
[EventCountry "ROU"]
[SourceTitle "CBM 165 Extra"]
[Source "ChessBase"]
[SourceDate "2015.04.21"]
[SourceVersion "1"]
[SourceVersionDate "2015.04.21"]
[SourceQuality "1"]

1. e4 c5 2. Nf3 e6 3. d4 cxd4 4. Nxd4 Nf6 5. Nd2 Nc6 6. c3 Bc5 7. Nxc6 bxc6 8. e5 Nd5 9. Ne4 Be7 10. c4 Nb6 11. a4 a5 12. Nd6+ Bxd6 13. Qxd6 Qe7 14. Be3 Qxd6 15. exd6 Rb8 16. Kd2 Ba6 17. Bxb6 Rxb6 18. c5 Bxf1 19. cxb6 Ba6 20. Rhc1 Kd8 21. Rc5 Kc8 22. Rxa5 Kb7 23. b4 Kxb6 24. Rg5 g6 25. Rg3 f5 26. f4 Bc4 27. Kc3 Bd5 28. Kd4 Ka6 29. Kc5 Kb7 30. Kd4 Ka6 31. Ke5 Rf8 32. Rh3 Rf7 33. Rg3 Rf8 34. Rb1 Be4 35. Rb2 Bd5 36. Rh3 Rf7 37. Rc3 Kb6 38. b5 c5 39. Ra3 Rf8 40. a5+ Ka7 41. g3 c4 42. Kd4 Rc8 43. Kc3 h6 44. a6 Kb6 45. a7 Ra8 46. Ra6+ Kb7 47. Rba2 g5 48. fxg5 hxg5 49. h4 gxh4 50. gxh4 Bf3 51. Rh2 Bh5 52. Kxc4 e5 53. Kd5 e4 54. Rc2 Re8 55. Rc7+ Ka8 56. b6 1-0

[Event "ROM-ch U14"]
[Site "Calimanesti"]
[Date "2015.03.31"]
[Round "2"]
[White "Anghelus, Alin Gabriel"]
[Black "Ileana, George"]
[Result "0-1"]
[WhiteElo "1713"]
[BlackElo "2062"]
[PlyCount "62"]
[EventDate "2015.03.30"]
[EventType "swiss"]
[EventRounds "9"]
[EventCountry "ROU"]
[SourceTitle "CBM 165 Extra"]
[Source "ChessBase"]
[SourceDate "2015.04.21"]
[SourceVersion "1"]
[SourceVersionDate "2015.04.21"]
[SourceQuality "1"]

1. e4 c5 2. c4 g6 3. Nc3 Bg7 4. g3 e6 5. Bg2 Ne7 6. Nge2 0-0 7. d3 Nbc6 8. 0-0 Nd4 9. Rb1 Nec6 10. f4 d6 11. a3 Rb8 12. Be3 a6 13. Kh1 b5 14. cxb5 axb5 15. e5 dxe5 16. Bxc6 Nxc6 17. Bxc5 Re8 18. fxe5 Nxe5 19. d4 Bb7+ 20. Kg1 Nf3+ 21. Rxf3 Bxf3 22. Qd3 Bxe2 23. Nxe2 Qd7 24. b4 Red8 25. Rd1 Ra8 26. Nf4 e5 27. dxe5 Qxd3 28. Nxd3 Rxa3 29. Bd6 Rxd3 30. Rxd3 Bxe5 31. Bxe5 Rxd3 0-1

[Event "ROM-ch U12"]
[Site "Calimanesti"]
[Date "2014.04.10"]
[Round "6"]
[White "Craciun, Alexandru Emilian"]
[Black "Anghelus, Alin Gabriel"]
[Result "0-1"]
[WhiteElo "1712"]
[BlackElo "1602"]
[PlyCount "51"]
[EventDate "2014.04.06"]
[EventType "swiss"]
[EventRounds "9"]
[EventCountry "ROU"]
[SourceTitle "CBM 160 Extra"]
[Source "ChessBase"]
[SourceDate "2014.07.01"]
[SourceVersion "1"]
[SourceVersionDate "2014.07.01"]
[SourceQuality "1"]

1. e4 c5 2. c4 Nc6 3. Nc3 e6 4. g3 Nf6 5. Bg2 d5 6. exd5 exd5 7. Nxd5 Nxd5 8. Bxd5 Bf5 9. Bxc6+ bxc6 10. Qf3 Qd7 11. Ne2 0-0-0 12. a3 Re8 13. 0-0 Bg4 14. Qg2 Rxe2 15. d4 Bh3 16. Qf3 Bxf1 17. Kxf1 Re8 18. d5 Qh3+ 19. Qg2 Re1+ 20. Kxe1 Qxg2 21. Bf4 Qg1+ 22. Kd2 Qxa1 23. Be5 cxd5 24. cxd5 f6 25. Bc3 Be7 26. Kc2 0-1

[Event "ROM-ch U12"]
[Site "Calimanesti"]
[Date "2014.04.09"]
[Round "5"]
[White "Anghelus, Alin Gabriel"]
[Black "Filat, Nicolae"]
[Result "1-0"]
[WhiteElo "1602"]
[BlackElo "1655"]
[PlyCount "73"]
[EventDate "2014.04.06"]
[EventType "swiss"]
[EventRounds "9"]
[EventCountry "ROU"]
[SourceTitle "CBM 160 Extra"]
[Source "ChessBase"]
[SourceDate "2014.07.01"]
[SourceVersion "1"]
[SourceVersionDate "2014.07.01"]
[SourceQuality "1"]

1. e4 e5 2. Nf3 Nc6 3. Nc3 Nf6 4. a3 d5 5. Bb5 Qd6 6. exd5 Nxd5 7. Bxc6+ bxc6 8. Qe2 f6 9. Ne4 Qe6 10. d3 Bd6 11. h3 Ne7 12. Nfd2 0-0 13. Nb3 Ng6 14. Be3 Nf4 15. Bxf4 exf4 16. Kd2 Re8 17. Rae1 Qf7 18. Qf3 Bd7 19. Nxd6 cxd6 20. Qxf4 Re5 21. Rxe5 dxe5 22. Qe3 Be6 23. Nc5 Bd5 24. f3 Qg6 25. Rg1 Qg3 26. c4 Bf7 27. Ne4 Qg6 28. Qc5 f5 29. Nd6 Qh6+ 30. Kc2 Rb8 31. b4 Qf6 32. Re1 Qg6 33. Re2 Rd8 34. Nxf7 Kxf7 35. Qxe5 Rd6 36. Qe8+ Kf6 37. Qe7# 1-0

[Event "ROM-ch U12"]
[Site "Calimanesti"]
[Date "2014.04.06"]
[Round "1"]
[White "Anghelus, Alin Gabriel"]
[Black "Visan, Dragos Cezar"]
[Result "1-0"]
[WhiteElo "1602"]
[BlackElo "1092"]
[PlyCount "53"]
[EventDate "2014.04.06"]
[EventType "swiss"]
[EventRounds "9"]
[EventCountry "ROU"]
[SourceTitle "CBM 160 Extra"]
[Source "ChessBase"]
[SourceDate "2014.07.01"]
[SourceVersion "1"]
[SourceVersionDate "2014.07.01"]
[SourceQuality "1"]

1. e4 e6 2. d4 d5 3. Nd2 Nc6 4. c3 g6 5. Bd3 Bg7 6. Ngf3 Nf6 7. Qc2 0-0 8. Nf1 Nh5 9. e5 f5 10. Bg5 Qe8 11. Ng3 f4 12. Nxh5 gxh5 13. Bxh7+ Kh8 14. Bg6 Qd7 15. Bxh5 b6 16. h4 Ne7 17. Bxe7 Qxe7 18. Ng5 Rf5 19. Bg4 Rxg5 20. hxg5+ Kg8 21. Qh7+ Kf8 22. g6 Bb7 23. Qh3 Bc8 24. 0-0-0 Qg5 25. Qh5 f3+ 26. Qxg5 fxg2 27. Qd8# 1-0

[Event "ROM-ch U12"]
[Site "Calimanesti"]
[Date "2013.04.07"]
[Round "8"]
[White "Anghelus, Alin Gabriel"]
[Black "Albu, George"]
[Result "0-1"]
[WhiteElo "1524"]
[BlackElo "1618"]
[PlyCount "76"]
[EventDate "2013.04.02"]
[EventType "swiss"]
[EventRounds "9"]
[EventCountry "ROU"]
[SourceTitle "CBM 153 Extra"]
[Source "ChessBase"]
[SourceDate "2013.04.22"]
[SourceVersion "1"]
[SourceVersionDate "2013.04.22"]
[SourceQuality "1"]

1. e4 c5 2. Nf3 e6 3. d3 Nc6 4. g3 g6 5. Bg2 Bg7 6. 0-0 Nge7 7. Re1 d6 8. Nc3 0-0 9. Be3 Nd4 10. Bf4 Rb8 11. e5 d5 12. Nxd4 cxd4 13. Ne2 Nc6 14. Nc1 Qc7 15. Qe2 Nb4 16. Nb3 Qxc2 17. Qxc2 Nxc2 18. Rec1 Nxa1 19. Nxa1 Bd7 20. Bxd5 exd5 21. e6 Bxe6 22. Bxb8 Rxb8 23. Kf1 Rc8 24. Rxc8+ Bxc8 25. Ke2 Kf8 26. f4 Ke7 27. Nc2 Kd6 28. b3 Kc5 29. a3 Bg4+ 30. Kd2 Bf6 31. h4 h6 32. Ke1 Bd7 33. Ke2 Kd6 34. Kf3 Ke6 35. g4 Bxh4 36. Nxd4+ Kd6 37. Nc2 Bb5 38. d4 Bd3 0-1